000 00501nam a2200205Ia 4500
001 17335
003 GE_BSU
008 181216s||||||||xx |||||||||||||| ||und||
020 _a31900166402
040 _cGE_BSU
080 _a811.112
245 _aAuf neuen wegen.Deutsch als fremdsprache für die mittelstufe
260 _aMunchen
260 _c2003
300 _a280p.
541 _h15ლ.
653 _aAuf neuen wegen
653 _aDeutsch als fremdsprache für die mittelstufe
942 _cBK
999 _c50392
_d50392